| 000 | 00860nam a22002897a 4500 | ||
|---|---|---|---|
| 001 | BR8202917 | ||
| 003 | BR-BrBNA | ||
| 005 | 20230928091323.0 | ||
| 007 | ta | ||
| 008 | 230509b bl.||||| |||| 00| 0 por d | ||
| 040 |
_aBR-BrBNA _bpor _cBiblioteca Nacional de Agricultura |
||
| 041 | _a(Por) | ||
| 072 |
_aF40; L20; T00 _b/G514 |
||
| 090 | _ F40 BR8202917 | ||
| 110 | 1 |
_aInstituto de Terras e Cartografia, Curitiba, PR (Brasil) _96275 |
|
| 111 | 1 |
_a1. Simposio Estadual do Meio Ambiente _cCuritiba, PR (Brazil) _d16 Apr 1982 |
|
| 245 | 1 | _aAnais do 1. Simposio Estadual do Meio Ambiente | |
| 260 | 3 |
_aCuritiba, PR (Brasil): _c1982. |
|
| 300 | _a90 p. | ||
| 650 | _aMEIO AMBIENTE | ||
| 650 | _aCONSERVACAO | ||
| 650 | _aECOLOGIA ANIMAL | ||
| 650 | _aECOLOGIA VEGETAL | ||
| 650 | _aPOLUICAO | ||
| 909 |
_a202309 _bLucia _c55 _dLucia Elande |
||
| 942 | _cBK | ||
| 999 |
_c33373 _d33373 |
||